Autismus od A do Z / Veronika Šporclová
Record details
- ISBN: 978-80-88163-98-5
- Physical Description: 123 stran : ilustrace ; 21 cm
- Edition: Vydání první
- Publisher: V Praze : Pasparta, 2018
Content descriptions
| Bibliography, etc. Note: | Obsahuje bibliografii a bibliografické odkazy |
Search for related items by subject
| Subject: | autismus diagnostika (lékařství) terapie kazuistiky (lékařství) autism medical diagnostics therapy casuistics |
| Genre: | příručky handbooks and manuals |
Available copies
- 2 of 2 copies available at Common Catalog SPOK.
Holds
- 0 current holds with 2 total copies.
Show Only Available Copies
| Location | Call Number / Copy Notes | Barcode | Shelving Location | Status | Due Date |
|---|---|---|---|---|---|
| Jabok Library | PeS-5.6/Š
Pořízeno z projektu Škola jako místo, kde se vzdělává a žije: CZ.07.4.68/0.0/0.0/16_037/0000325
|
424480040821 | Odborná literatura | Available | - |
| Jabok Library | PeS-5.6/Š
Pořízeno z projektu Škola jako místo, kde se vzdělává a žije: CZ.07.4.68/0.0/0.0/16_037/0000325
|
424480040830 | Odborná literatura | Available | - |
| LDR | 01453nam a2200457 i 4500 | ||
|---|---|---|---|
| 001 | 30445 | ||
| 003 | CZ-PrJAB | ||
| 005 | 20180712064818.0 | ||
| 007 | ta | ||
| 008 | 180322s2018 xr a e f 000 0 cze | ||
| 015 | . | ‡acnb002986063 | |
| 020 | . | ‡a978-80-88163-98-5 ‡q(brožováno) | |
| 035 | . | ‡a(CZ PrNK)nkc20182986063 | |
| 040 | . | ‡aBOA001 ‡bcze ‡erda | |
| 072 | 7. | ‡a616.89 ‡xPsychiatrie ‡2Konspekt ‡914 | |
| 080 | . | ‡a616.89-008.45 ‡2MRF | |
| 080 | . | ‡a616-07 ‡2MRF | |
| 080 | . | ‡a616-08 ‡2MRF | |
| 080 | . | ‡a616.1/.9-052-07/-08 ‡2MRF | |
| 080 | . | ‡a(035) ‡2MRF | |
| 100 | 1 | . | ‡aŠporclová, Veronika ‡7xx0175378 ‡4aut |
| 245 | 1 | 0. | ‡aAutismus od A do Z / ‡cVeronika Šporclová |
| 250 | . | ‡aVydání první | |
| 264 | 1. | ‡aV Praze : ‡bPasparta, ‡c2018 | |
| 300 | . | ‡a123 stran : ‡bilustrace ; ‡c21 cm | |
| 336 | . | ‡atext ‡btxt ‡2rdacontent | |
| 337 | . | ‡abez média ‡bn ‡2rdamedia | |
| 338 | . | ‡asvazek ‡bnc ‡2rdacarrier | |
| 504 | . | ‡aObsahuje bibliografii a bibliografické odkazy | |
| 650 | 0 | 7. | ‡aautismus ‡7ph118685 ‡2czenas |
| 650 | 0 | 7. | ‡adiagnostika (lékařství) ‡7ph114312 ‡2czenas |
| 650 | 0 | 7. | ‡aterapie ‡7ph116435 ‡2czenas |
| 650 | 0 | 7. | ‡akazuistiky (lékařství) ‡7ph122501 ‡2czenas |
| 650 | 0 | 9. | ‡aautism ‡2eczenas |
| 650 | 0 | 9. | ‡amedical diagnostics ‡2eczenas |
| 650 | 0 | 9. | ‡atherapy ‡2eczenas |
| 650 | 0 | 9. | ‡acasuistics ‡2eczenas |
| 655 | 7. | ‡apříručky ‡7fd133209 ‡2czenas | |
| 655 | 9. | ‡ahandbooks and manuals ‡2eczenas | |
| 910 | . | ‡aABG312 | |
| 901 | . | ‡a30445 ‡b ‡c30445 ‡tbiblio | |